000 00897cab a2200193 4500
001 ##L132956
008 060327n2006 000 0 eng u
035 _a(Sirsi) u132956
041 0 _aeng
100 1 _aFox, Owen
245 0 0 _aDates are key in the New Engineering Contract
260 _c2006
490 0 _aContract Journal
_v432(6566) 15 March 2006, 42(1)
520 _aAdvises on the selection of appropriate procurement options in the third edition of the NEC, and then looks at the introduction of key dates which allow the employer to identify conditions that have to be met by specified times, and the costs recoverable if a contractor fails to achieve these.
590 _aIKA280306
650 2 4 _aNEW ENGINEERING CONTRACT (THIRD EDITION)
690 _aBUILT ENVIRONMENT-BUILDING CONTRACT FORMS-STANDARD FORMS OF BUILDING CONTRACT-NEW ENGINEERING CONTRACT CONTRACTS
942 _n0
999 _c76714
_d76714